00605 2200205 4500001002100000005001700021008004100038035002400079082001100103090001600114245009000130260003100220300002500251500002700276650003500303700001800338850000900356990001900365999001500384YOGYA-0209000006852020090227092052.0 ind  0010-020900000068520 a574.07 a574.07bTer aTERAMPIL menguasai dan menerapkan konsep biologicpenulis, R. Taryono Ts ... [et al.] aSolobTiga Serangkaic1997 a... jilbilusc25 cm aYang diterima : jl. 3B aBiologi - studi dan pengajaran aTaryono Ts, R aBPAD a110740-P/98b1 a98P0110745